La réponse est un nombre - Sport - Erreurs éliminatoires - Statistiques

Statistiques générales
  • Ce quiz a été pris 805 fois
  • Le résultat moyen est 6 sur 14
Statistiques - réponses
Question Nombre % Correct
Nombre de joueurs dans une équipe de football 11
99%
Nombre de joueurs dans une équipe de Rugby du Top 14 15
71%
Distance d'un marathon (en kilomètres) 42
68%
Durée d'un match de football (en minutes) 90
63%
Durée d'un quart-temps dans un match de NBA 12
54%
Nombre de points pour gagner un set de volleyball 25
46%
Nombre d'épreuves du décathlon chez les hommes 10
39%
Nombre de points à remporter pour gagner un set au tennis de table 11
37%
Nombre total de joueurs sur la patinoire lors d'un match de Hockey sur glace 12
31%
Nombre de clubs participant à la Ligue des Champions de Football 2024-2025 36
29%
Nombre de titres de Roland-Garros remportés par Rafael Nadal 14
26%
Nombre de tours de piste d'athlétisme pour faire 10km 25
26%
Nombre d'étapes lors du Tour de France de cyclisme depuis 1968 21
25%
Nombre de rounds maximum en boxe anglaise chez les hommes 12
16%
Aucun quiz correspondant
Distribution des résultats
% des personnes avec chaque résultat
Percentile par nombre de réponses
Votre historique - résultats
Vous n’avez pas pris ce quiz